An overview of basic theoretical physics / (Record no. 38756)

MARC details
000 -LEADER
fixed length control field 00808nam a22002297a 4500
005 - DATE AND TIME OF LATEST TRANSACTION
control field 2010080205365.0
010 ## - LCCN (DPL NO)
LC control number ENG-97582
020 ## - INTERNATIONAL STANDARD BOOK NUMBER
International Standard Book Number 9788173716553
Terms of availability 495.00
035 ## - SYSTEM CONTROL NUMBER
System control number EN-81115
037 ## - SOURCE OF ACQUISITION
Source of stock number/acquisition DBAD/PUB
082 ## - DEWEY DECIMAL CLASSIFICATION NUMBER
Classification number 530
100 ## - MAIN ENTRY--PERSONAL NAME
Personal name Abhyankar, K D
245 ## - TITLE STATEMENT
Title An overview of basic theoretical physics /
Statement of responsibility, etc by K D Abhyankar [and] A W Joshi
260 ## - PUBLICATION, DISTRIBUTION, ETC. (IMPRINT)
Place of publication, distribution, etc Hyderabad
Name of publisher, distributor, etc Universities Press
Date of publication, distribution, etc 2009
270 ## - ADDRESS
Address 3-6-747/1/A & 3-6-754/1, Himayatnagar
City Hyderabad
Postal code 500029
300 ## - PHYSICAL DESCRIPTION
Extent xvii,493p.:
Other physical details ill.
Dimensions 24cm (pbk)
500 ## - GENERAL NOTE
General note Includes bibliographical references and index
650 ## - SUBJECT ADDED ENTRY--TOPICAL TERM
Topical term or geographic name as entry element Physics
700 ## - ADDED ENTRY--PERSONAL NAME
Personal name Joshi, A W
9 (RLIN) 4460
942 ## - ADDED ENTRY ELEMENTS (KOHA)
Source of classification or shelving scheme Dewey Decimal Classification
Item type English Books
Classification part 530
Call number suffix ABH
Holdings
Withdrawn status Lost status Not for loan Collection code Home library Current library Date acquired Source of acquisition Cost, normal purchase price Full call number Barcode Copy number Cost, replacement price Koha item type
    Not For Loan Non-fiction D.B.Act.Division D.B.Act.Division 02/08/2010 DBAD/PUB 495.00 530 ABH EN-81115 1 495.00 English Books

© Delhi Public Library
Hit Counter
free hit counter